LDR 01383naa#a2200193#i#450# 001 RU\\bibl\120420 005 20260413130956.1 011 ## _a2218-130X 100 ## _a20260410b2026####ek#y0rusy0150####ca 102 ## _aRU 200 1# _aГОЛОСОВОЙ МОДУЛЬ ЧАТ-БОТА КАК СРЕДСТВО ВЗАИМОДЕЙСТВИЯ С ЛЮДЬМИ С ОГРАНИЧЕННЫМИ ВОЗМОЖНОСТЯМИ ЗДОРОВЬЯ _eЖурнальная статья 210 1# _aСанкт-Петербург _cСанкт-Петербургский университет Государственной противопожарной службы Министерства Российской Федерации по делам гражданской обороны, чрезвычайным ситуациям и ликвидации последствий стихийных бедствий имени Героя Российской Федерации генерала армии Е.Н. Зиничева _d2026 215 ## _a8 с. 608 ## _aЖурнальная статья _2local 675 ## _aОриентация процесса обработки данных. 004.04 _z 700 #1 _aОчкур _gГалина Викторовна 700 #1 _aВиштак _gНаталья Михайловна 700 #1 _aГрачев _gВладислав Александрович 856 4# _ajournals.igps.ru _u